000 00431nam a22001817a 4500
003 MPLRDC
005 20220104142412.0
008 210129b ||||| |||| 00| 0 eng d
082 _a868.71 MH-2 c.2
100 _a马汉
245 _a无言之歌
_c
250 _a初版
260 _a
_b新山长青贸易公司
_c1988
300 _b
490 _a世纪文丛. 2
650 _a马华文学
942 _cBK
_o868.71 MH-2 c.2
999 _c30607
_d30597